000 00866nam a2200193Ii 4500
003 JO-AjNU
008 230605s9999||||xx |||||||||||||| ||und||
040 _aJO-AjNU
_bara
_erda
_cJO-AjNU
041 _aara
050 1 4 _aQA76 2017
100 3 _aاعداد صهيب عبد اللطيف القضاة، محمد سامي الشريدة؛ اشراف حسن المعيدي,
_eauthor
_958295
245 0 0 _aنظام تسجيل الطالب وارشادة
264 3 1 _aعجلون: جامعة عجلون الوطنيه، 2017
300 _a32ص
_bمشروع تخرج جامعة عجلون الوطنيه ( عجلون ، الاردن) كلية تكنولوجيا المعلومات ، 2017
336 _atext
_btxt
_2rdacontent
337 _aunmediated
_bn
_2rdamedia
338 _avolume
_bnc
_2rdacarrier
650 4 _aتسجيل الطلاب - نظام حوسبة
_958296
999 _aA26171
_c29739
_d29739